Statistics for Spongebob Quotes!!!

Click here to take the quiz!

General Stats

  • This quiz has been taken 261 times
  • The average score is 25 of 35

Answer Stats

HintAnswer% Correct
"It's the ____ day ever"best
93%
You know what's funnier than ___ .... 2524
90%
I'm a ____ goobergoofy
88%
Smitty Werbenjagermanjensen he was number ____one
88%
Is this the Krusty Krab? NO this is ____patrick
87%
It's not just a bolder It's a ___!!rock
86%
The best time to wear a _____ _____ is all the timestriped sweater
84%
My names not ___!!!!rick
82%
It took us ______ days to make that potato salad _____ daysthree
82%
That hat makes you look like a ____. Am I a pretty ___?girl
81%
I'm ____ and I'm proudugly
80%
Psst. Squidward I'm working in the kitchen at ____. Hey squidward guess what? I'm chopping lettuce at ____ Look at me I'm swabbing the bathroom... at ___ Ow I burned my hand.. at____night
79%
Hey patrick Guess what I am. Uh Stupid. No I'm ____. What's the Difference!Texas
79%
I ____ you ____ he she we _____wumbo
79%
AHHHHH it's the _____ ______ slasher!!!!!hash slinging
78%
What does claustrophobic mean? It means he is afraid of ___ ___santa claus
78%
Ohh east I thought you said ____weast
78%
Hey pal, you just blow in from ____ town?stupid
76%
Wow patrick look at all these mattresses how many do you think there are? ___... coolten
76%
Squidward I used your ___ to unclog my toilet.clarinet
74%
I like Karate. I like kar-ah-tay. I like mo-neh-ay. I ____ all of youhate
74%
"Is ________ an instrument"?mayonnaise
74%
Don't you have to be stupid somewhere else? Not until ____four
72%
You like ____ _____ don't you squidwardkrabby patties
70%
Why are you so angry patrick? I can't see my _____forehead
69%
How tough am I? yesterday I stubbed my toe while watering my spice garden and only cried for ____ minutestwenty
67%
Could you excuse me for the ___ of my life Ms. Puff?rest
65%
"HAHAHAHAHAHA it's a _____"giraffe
62%
You don't need a license to drive a ___sandwich
58%
Im absorbing his blows like I'm made some of _____ materialspongey
56%
I'm a good _____noodle
50%
Patrick that will be five dollars I only have ____seven
49%
Look at all the hip young people eating ____salads
41%
Why aren't you runnyng? I can't ___read
22%
"Once again, you and I are kept apart, oh sweet scented ___ _____"pine cones
14%

Score Distribution

Percentile by Number Answered

Percent of People with Each Score

Your Score History

You have not taken this quiz